Responses for Show #5102 - Tuesday, November 14, 2006

2006 Celebrity Jeopardy! game 5.
From Radio City Music Hall in New York City.

Contestants

[<< previous game]

Harry Shearer, an actor/writer/producer from The Simpsons and Le Show

Isaac Mizrahi, a fashion designer from the Style Network

Soledad O'Brien, a broadcast journalist from CNN's American Morning

[next game >>]

Jeopardy! Round responses

FLYOVER COUNTRY
POLITICS
THEATRE: HOW NOVEL!
THIS CATEGORY GOES TO 11
(Alex: Just like the line in Spinal Tap.)
MUSIC
"NEW" YORK
    $200 23
[The end-of-round signal sounds.]

North Dakota

Soledad
    $200 20
the State of the Union

Harry
    $200 6
Huck Finn

Harry
    $200 8
an ace

Harry
    $200 12
louder

Soledad
    $200 1
a newlywed

Harry
    $400 21
an absentee

Isaac
    $400 7
Oprah Winfrey

Harry
    $400 9
Greek

Harry
    $400 13
the violin

Harry
    $400 2
New Wave

Harry
    $600 17
the piazza

Isaac
    $600 10
the Tower of Babel

Soledad
    $600 14
a scale

Soledad
    $600 3
the New Testament

Isaac
    $800 18
(Alex: Good, with a minute to go now.)

India

Harry
    $800 11
Apollo 11

Harry
    $800 15
a ballet

Harry
    $800 4
Newark

Soledad
    $1000 19
Jane Eyre

Soledad
    $1000 22
Hercules

Triple Stumper
    $1000 16
a pedal

Isaac
    $1000 5
(Isaac: Oh, I was right, great!)

Newfoundland

Isaac

Scores at the first commercial break (after clue 11):

Soledad Isaac Harry
$1,400 $1,600 $2,600

Scores at the end of the Jeopardy! Round:

Soledad Isaac Harry
$3,400 $3,600 $4,800

Double Jeopardy! Round responses

STUPID ANSWERS: THE NEW YORK EDITION
(Alex: You're gonna love it.)
ISAAC-LY
A VARIETY OF WORDS
(Alex: Words from Variety, the newspaper.)
SEE "NN"
WINE
WOMEN & SONG
(Alex: We will give you the songs. You identify the woman most associated with that piece of music.)
    $400 3
(Alex: You're right, the National Design Museum.)

Cooper-Hewitt

Isaac
    $400 2
Isaac Hayes

Harry
    $400 8
Disney

Harry
    $400 1
inn

Isaac
    $400 21
(Alex: With a minute to go.)

blush

Harry
    $400 26
Tina Turner

Soledad
    $800 17
(Alex: You have found your category.)
[Harry laughs.]

Wicked

Harry
    $800 4
Isaac Newton

Soledad
    $800 9
CBS

Harry
    $800 13
antenna

Soledad
    $800 22
a bouquet

Harry
    $800 27
Carly Simon

Soledad
    $1200 18
The Hotel Carlyle

Harry
    $1200 5
Isaac Singer

Soledad
    $1200 10
a Western

Harry
    $5,000 14
(Harry: [To Isaac] Damn her! Damn her!)
(Isaac: I know.)
(Alex: You trail Harry by $500.)
(Soledad: Let's say $5,000. [To Isaac] It's for charity.)
...
(Soledad: 2 of the 4 U.S. states...)
(Alex: Hurry.)
[Soledad does not respond.]
(Alex: Ooh. What are [*]?)

(2 of) Connecticut, Pennsylvania, Tennessee, & Minnesota

Soledad
    $1200 23
Spumante

Soledad
    $1200 28
Shania Twain

Soledad
    $1600 19
21

Harry
    $2,500 6
(Soledad: I'm not a risk taker but it's for charity, so let's say $2500.)

Isaac Asimov

Soledad
    $1600 11
Australia

Harry
    $1600 15
fennel

Harry
    $1600 24
pinot

Soledad
    $1600 29
(Alex: Ooh yes, and I'll say you got it.)
(Isaac: She got it. She got it. She got it. Oh, sorry.)

Christina Aguilera

Soledad
    $2000 20
Rip Torn & Geraldine Page

Isaac
    $2000 7
Isaac Stern

Harry
    $2000 12
ABC

Soledad
    $2000 16
cannibal

Harry
    $2000 25
(Robert) Mondavi

Harry
    $2000 30
[Applause for Soledad's run of the category]

Melissa Etheridge

Soledad

Scores at the end of the Double Jeopardy! Round:

Soledad Isaac Harry
$14,500 $6,400 $21,600

[wagering suggestions for these scores]

Final Jeopardy! Round responses

THE UNITED NATIONS
(Alex: We start with you, Isaac. You were in third place. Did you come up with the correct response?)
(Isaac: No. No, I did not.)
(Alex: [After Isaac's response is revealed] Kudos to you for humor!)
...
(Alex: [After Harry's response is revealed] That is the smallest in area of the 5 permanent members.)
[Harry breathes a sigh of relief.]
IsaacWhat is My Apartment?
$6,400
SoledadWhat is France
$10,000
HarryWhat is the United Kingdom?
$8,000
the United Kingdom

Final scores:

Soledad Isaac Harry
$4,500 $0 $29,600
2nd place: $25,000 to Christ Church on Quaker Hill & Hearts of Gold 3rd place: $25,000 to the ASPCA Winner: $50,000 to Tipitina's Foundation

Game dynamics:

Coryat scores:

Soledad Isaac Harry
$18,600 $6,400 $21,600
18 R
(including 1 DD),
1 W
(including 1 DD)
8 R,
0 W
25 R
(including 1 DD),
0 W

Combined Coryat: $46,600

[game clues] [game scores] [suggest correction]

Game tape date: 2006-10-07
The J! Archive is created by fans, for fans. Scraping, republication, monetization, and malicious use prohibited; this site may use cookies and collect identifying information. See terms. The Jeopardy! game show and all elements thereof, including but not limited to copyright and trademark thereto, are the property of Jeopardy Productions, Inc. and are protected under law. This website is not affiliated with, sponsored by, or operated by Jeopardy Productions, Inc. Join the discussion at JBoard.tv.